LEADER 01317nam--2200421---450- 001 990001727230203316 005 20090327104404.0 035 $a000172723 035 $aUSA01000172723 035 $a(ALEPH)000172723USA01 035 $a000172723 100 $a20040604d1973----km-y0itay0103----ba 101 $aita 102 $aIT 105 $a||||||||001yy 200 1 $aOpere scelte$fKim Il Sung$ga cura dell'Istituto di storia del Partito del Comitato centrale del Partito del Lavoro di Corea 210 $aMilano$cJaca Book$d1973- 215 $av.$d24 cm 327 1 $a : 1973. - 586 p. : 1 ritr. ; <2.> : 1974. - 534 p. 410 0$12001 454 1$12001 461 1$1001-------$12001 606 0 $aCorea$xPolitica$xSaggi 676 $a335.43095193 700 1$aKIM,$bIl-song$0562639 801 0$aIT$bsalbc$gISBD 912 $a990001727230203316 951 $aVIII.2.A. 138/1(III A 1664/1)$b88551 L.M.$cIII A 951 $a335.43 KIM 1 (ISP IV 6/II)$b30562 E.C.$cISP IV 6$d00188335 959 $aBK 969 $aUMA 969 $aGIU 979 $aSIAV6$b10$c20040604$lUSA01$h1418 979 $aSIAV6$b10$c20041126$lUSA01$h1722 979 $aCOPAT3$b90$c20050413$lUSA01$h1202 979 $aRSIAV4$b90$c20090327$lUSA01$h1044 996 $aOpere scelte$9946707 997 $aUNISA LEADER 00905cam0-2200301 --450 001 9910983796103321 005 20250310100044.0 010 $a9791259845962 020 $aIT$b2024-4267 100 $a20250310d2024----kmuy0itay5050 ba 101 0 $aita 102 $aIT 105 $aa 001yy 200 1 $aCrisalide$edentro la violenza di genere$fFrancesco Augello, Teresa Messina 210 $aRoma$cArmando$d2024 215 $a330 p.$cill.$d21 cm 225 1 $aPsicologia dei comportamenti e della devianza 610 0 $aDonne$aViolenza [da parte degli] Uomini$aItalia 676 $a362.830945$v23$zita 700 1$aAugello,$bFrancesco$f<1973- >$01789791 701 1$aMessina,$bTeresa$01789792 801 0$aIT$bUNINA$gREICAT$2UNIMARC 901 $aBK 912 $a9910983796103321 952 $aDONNE 149$b694/2025$fFSPBC 959 $aFSPBC 996 $aCrisalide$94325856 997 $aUNINA